All Empires of Afghanistan by Picture - Statistics

General Stats
  • This quiz has been taken 38 times
  • The average score is 14 of 29
Answer Stats
Picture Hint Answer % Correct
550–330 BCE Achaemenid Empire
100%
1526–1721 Mughal Empire
87%
330–323 BCE Macedonian Empire
84%
1221–1370 Mongol Empire
84%
1979–1989 Soviet Union
84%
1839–1919 British Empire
81%
750–821 Abbasid Caliphate
77%
661–750 Umayyad Caliphate
74%
2021–Present Islamic Emirate of Afghanistan
71%
1989–1992 Republic of Afghanistan
65%
1370–1507 Timurid Empire
65%
642–661 Rashidun Caliphate
61%
305–185 BCE Maurya Empire
52%
1501–1722 Safavid Dynasty
48%
1996–2001 Islamic Emirate of Afghanistan
45%
700–550 BCE Median Empire
45%
312–250 BCE Seleucid Empire
42%
224–651 Sasanian Empire
32%
1747–1823 Durrani Empire
29%
977–1186 Ghaznavid Empire
29%
250–125 BCE Greco-Bactrian Kingdom
29%
30–375 Kushan Empire
29%
2001–2021 United States and NATO Coalition
26%
819–999 Samanid Empire
23%
1148–1215 Ghurid Dynasty
19%
400–565 Hephthalite Empire
16%
1992–1996 Islamic State of Afghanistan
16%
1709–1738 Hotak Dynasty
13%
1738–1747 Afsharid Dynasty
3%
No matching quizzes found
Score Distribution
Percent of People with Each Score
Percentile by Number Answered
Your Score History
You have not taken this quiz